| 000 | 00341nam a2200109Ia 4500 | ||
|---|---|---|---|
| 008 | 220214s9999 xx 000 0 und d | ||
| 100 | _aSomen C.K. | ||
| 245 | 0 | _aGrowth response of seedlings of Acacia ailanthus and casuarina to triacontanol (VIPUL) | |
| 260 |
_bIndian Journal of Forestry _c1991 |
||
| 700 | _aSeethalakshmi K.K. | ||
| 942 | _cRE | ||
| 999 |
_c45699 _d45699 |
||